| Tag |
First Indicator |
Second Indicator |
Subfields |
| LEADER |
00000cam a2200000 4500 |
| 001 |
in00001919081 |
| 006 |
m | d | |
| 007 |
cr |n||||||||n |
| 008 |
841023s1750 enk|||| s 00||||eng d |
| 005 |
20260407204600.7 |
| 035 |
|
|
|a (CStRLIN)ESTCN13043
|
| 040 |
|
|
|a Cu-RivES
|c Cu-RivES
|d CStRLIN
|d Thomson Gale
|d UtOrBLW
|
| 245 |
0 |
0 |
|a Robin Hood and Little John :
|b Being an account of their first meeting, and fierce encounter and conquest. To which is added, their friendly agreement: and how he came to be call'd Little John.
|
| 264 |
|
3 |
|a Northampton :
|b printed for Robert Dicey,
|c [1750?]
|
| 300 |
|
|
|a 1 sheet ;
|c 1/2⁰.
|
| 336 |
|
|
|a text
|b txt
|2 rdacontent
|
| 337 |
|
|
|a computer
|b c
|2 rdamedia
|
| 338 |
|
|
|a online resource
|b cr
|2 rdacarrier
|
| 500 |
|
|
|a Verse - "When Robin Hood was about twenty years old".
|
| 500 |
|
|
|a "Introductory note reprinted from 'A collection of old ballads', 1723-25, I, 75-6. One in an annotated series of ballads for children." (MH-H).
|
| 500 |
|
|
|a Reproduction of original from the Harvard University Houghton Library.
|
| 510 |
4 |
|
|a English Short Title Catalog,
|c ESTCN13043.
|
| 533 |
|
|
|a Electronic reproduction.
|b Farmington Hills, Mich. :
|c Thomson Gale,
|d 2003.
|n Available via the World Wide Web.
|n Access limited by licensing agreements
|7 s2003 miunns
|
| 500 |
|
|
|a Electronic resource.
|
| 830 |
|
0 |
|a Eighteenth century collections online.
|
| 856 |
4 |
0 |
|u http://proxy.library.tamu.edu/login?url=https://galenet.galegroup.com/servlet/ECCO?c=1&stp=Author&ste=11&af=BN&ae=N013043&tiPG=1&dd=0&dc=flc&docNum=CW111076607&vrsn=1.0&srchtp=a&d4=0.33&n=10&SU=0LRK&locID=txshracd2898
|z Full text online
|t 0
|
| 999 |
|
|
|a MARS
|
| 999 |
f |
f |
|s b1ccde6e-82ba-32e3-b352-04c31e7781b0
|i 52884d0b-05a9-3cd2-a541-d55db1ca455d
|t 0
|
| 952 |
f |
f |
|a Texas A&M University
|b College Station
|c Electronic Resources
|s www_evans
|d Available Online
|t 0
|h No information provided
|
| 998 |
f |
f |
|t 0
|l Available Online
|